Η εποχή του Ιουστινιανού

Αποθηκεύτηκε σε:
Λεπτομέρειες βιβλιογραφικής εγγραφής
Κύριος συγγραφέας: Evans, J. A. S. (James Allan Stewart), 1931-
Άλλοι συγγραφείς: Κουρής, Βασίλης (Μεταφραστής)
Μορφή: Βιβλίο
Γλώσσα:Greek
English
Δημοσίευση: [Αθήνα] : Οδυσσέας, [c1999]
Θέματα:
Ετικέτες: Προσθήκη ετικέτας
Δεν υπάρχουν, Καταχωρήστε ετικέτα πρώτοι!

MARC

LEADER 00000cam a2200000 i 4500
001 1/50062
008 070801s1999 gr | ||| |||| ||gre||
020 |a 9602103426 
035 |l 10089359 
040 |a GR-MyUa  |b gre  |e AACR2 
041 1 |a gre  |h eng 
082 7 |a 949.5013   |2 (22) 
100 1 |a Evans, J. A. S.   |c (James Allan Stewart),   |d 1931- 
245 1 2 |a Η εποχή του Ιουστινιανού /   |c J. A. S. Evans ; μετάφραση Βασίλης Κουρής. 
260 |a [Αθήνα] :   |b Οδυσσέας,   |c [c1999] 
300 |a 510 σ. ;   |c 21 εκ. 
500 |a Τίτλος πρωτοτύπου: The age of Justinian. 
504 |a Βιβλιογραφία: σ. 473-498. Ευρετήριο. 
600 0 7 |2 nlgaf  |a Ιουστινιανός   |b Α',   |c Αυτοκράτορας του Βυζαντίου,   |d 482-565. 
651 0 |a Byzantine Empire  |x History  |y Justinian I, 527-565. 
700 1 |a Κουρής, Βασίλης,  |e trl 
852 |a INST  |b RHODES  |e 20070801  |h 949.5013 EVA  |p 005400026256  |q 005400026256  |t BK  |y 0 
901 |a BIBL4-2007-2 
922 |a 4ΕΛΗ  |b 200707  |c ΕΠΕΑΕΚ2/ΤΜΣ  |d Σ. ΠΑΤΑΚΗΣ 
970 |a ΧΑΡΙΟΠΟΛΙΤΟΥ  |b ΚΩΝΣΤΑΝΤΙΝΑ  |z 2007/08/01